| 000 | 00895nam a2200229 a 4500 | ||
|---|---|---|---|
| 003 | 0 | ||
| 005 | 20250311150637.0 | ||
| 008 | 080728s19uu xx 00 eng d | ||
| 050 |
_aPGS HF 5415.32 _b.M473 2008 |
||
| 100 | _aMayo, Christiane Amelie Julienne P. | ||
| 245 |
_aInfluence of television advertisements on consumerism / _cChristiane Amelie Julienne P. Mayo. |
||
| 260 |
_aLas PiƱas City, Philippines : _bSouthville International School and Colleges, _c2008. |
||
| 300 |
_a21 pages : _billustrations ; _c28 cm. |
||
| 504 | _aIncludes bibliographical references. | ||
| 650 |
_aTelevision advertising _vInfluence. |
||
| 650 |
_aAdvertising _vPsychological aspects. |
||
| 650 |
_aConsumer behavior _vTelevision influence. |
||
| 650 | _aChildren and television advertising. | ||
| 650 |
_aMass media _vInfluence. |
||
| 650 |
_aConsumerism _vSocial aspects. |
||
| 942 |
_2lcc _cPASS |
||
| 999 |
_c97960 _d97960 |
||